Statistics for NBA All-Star Vote Leaders per Year

Click here to take the quiz!

General Stats

  • This quiz has been taken 217 times
  • The average score is 13 of 17

Answer Stats

HintAnswer% Correct
11LeBron James
100%
1Stephen Curry
100%
4Kobe Bryant
99%
9Michael Jordan
98%
2Magic Johnson
94%
1Kevin Garnett
93%
2Dwight Howard
92%
4Vince Carter
91%
1Charles Barkley
87%
2Yao Ming
81%
4Julius Erving
79%
1Moses Malone
77%
2George Gervin
66%
1Rick Barry
59%
2Grant Hill
52%
1Bob McAdoo
45%
1David Thompson
31%

Score Distribution

Percentile by Number Answered

Percent of People with Each Score

Your Score History

You have not taken this quiz